000
00411nam a2200133Ia 4500
008
100328s9999 xx 000 0 und d
082
_b
38431
100
_a
सोनवणी संजय
245
_a
अखेरचा सम्राट
260
_b
शब्द सन्मान
630
_a
अखेरचा सम्राट
730
_a
अखेरचा सम्राट
942
_c
BOOK
999
_c
527614
_d
527611